000 01005 a2200217 4500
001 46313
005 20260407155735.0
008 260407a1967 arg spa d
003 AR-UNSa-BCEJYS
040 _aAR-UNSa-BCEJYS
_bspa
_cAR-UNSa-BCEJYS
080 _a338.2
_xPolítica económica. Control de la economía. Gestión de la economía. Planificación económica
245 1 0 _aLa economía política del crecimiento
250 _a4a. ed
264 1 _aMéxico :
_bFondo de Cultura Económica
_c1967
300 _a347 p.
_c21 cm.
505 _a1. Panorama general – 2. El concepto de excedente económico – 3. Estancamiento y desarrollo del capitalismo monopolista (I) – 4. Estancamiento y desarrollo del capitalismo monopolista (II) – 5. Las raíces del atraso – 6. Hacia una morfología del atraso (I) – 7. Hacia la morfología del atraso (II) – 8. El ascenso a la cumbre.
041 _aspa
942 _cBK
590 _aniveau_biblio:m niveau_hierar:0
100 1 _aBaran, Paul A.
999 _c4183
_d4183